Washington D.C. - Culture générale - Statistiques

Statistiques générales
  • Ce quiz a été pris 563 fois
  • Le résultat moyen est 9 sur 15
Statistiques - réponses
Information Réponse % Correct
Résidence du président des États-Unis Maison Blanche
99%
Militant qui donna son discours "I have a dream" au mémorial de ce président Martin Luther King
91%
Service de police et de renseignement américain basé ici FBI
87%
Président assassiné au Théâtre Ford en 1865 Abraham Lincoln
78%
Journal de la capitale à l'origine notamment des révélations du Watergate The Washington {Post}
75%
Siège du Congrès américain, envahi par des partisans trumpistes en 2021 Capitole
67%
Signification de "D.C." District of Columbia
66%
Nation qui brûla Washington en 1814 Royaume-Uni
65%
Les 2 états qui ont donné de leurs terres pour créer le terrain de la ville Virginie
49%
Acteur natif de la ville qui joua le rôle de Mace Windu dans Star Wars ou d'un tueur philosophe dans Pulp Fiction Samuel L. Jackson
47%
En devenant capitale nationale en 1800, Washington remplace cette ville Philadelphie
42%
Les 2 états qui ont donné de leurs terres pour créer le terrain de la ville Maryland
41%
Fleuve qui traverse Washington Potomac
35%
Chanteur washingtonien connu pour ses hits What's Going On (1971) ou Sexual Healing (1982) Marvin Gaye
31%
Ce d'après quoi sont nommées les rues diagonales États américains
14%
Aucun quiz correspondant
Distribution des résultats
% des personnes avec chaque résultat
Percentile par nombre de réponses
Votre historique - résultats
Vous n’avez pas pris ce quiz